000 00626nam a2200229Ia 4500
003 OSt
005 20220923224826.0
006 a|||||r|||| 00| 0
007 ta
008 Pun
024 _a251,400
037 _cTextual
040 _aARTS
_cARTS
_bPun
041 _2Pun
_aPun
082 _aO153vM, M3
100 _aਕਾਂਗ, ਅਮਰਜੀਤ ਸਿੰਘ
245 0 _aਮਧਕਾਲੀ ਸਾਹਿਤ ਚਿੰਤਨ
260 _c1983
650 _aਪੰਜਾਬੀ ਸਾਹਿਤ
942 _hO153vM, M3
_cTEXL
_2CC
999 _c373912
_d373912